Essonne - mort subite - Statistiques

Statistiques générales
  • Ce quiz a été pris 34 fois
  • Le résultat moyen est 12 sur 18
Answers on the Grid
Answers color-coded by a green-red scale on the quiz's grid according to % correct below.
Essen
Fontainebleau
Lyon
Monaco
Massy
Les Bajocasses
École Polytechnique
Le Havre
Savigny-sur-Orge
Palaiseau
Université Paris-Saclay
Sainte-Geneviève-des-Bois
Ravenne
Cavally
Le siège social d'Arianespace
Corbeil-Essonnes
Saragosse
Savanes
Évry-Courcouronnes
Ris-Orangis
Fontenay-le-Vicomte
Lévis
Orsay
Pessac
Le Coudray-Montceaux
Étampes
Terrebonne
Une frontière avec l'Eure-et-Loir
Yerres
Vic-sur-Cère
Marais des Cygnes
Milly-la-Forêt
Vesoul
Capel-le-Ferne
Vielmur-sur-Agout
Aéroport d'Orly
 
Statistiques - réponses
Réponse % Correct
Massy
88%
Étampes
84%
Palaiseau
84%
Savigny-sur-Orge
84%
Évry-Courcouronnes
80%
Sainte-Geneviève-des-Bois
80%
Corbeil-Essonnes
76%
Ris-Orangis
72%
Université Paris-Saclay
72%
Orsay
68%
Palaiseau École Polytechnique
64%
Milly-la-Forêt
64%
Yerres
64%
Aéroport d'Orly
60%
Le Coudray-Montceaux
52%
Évry-Courcouronnes Le siège social d'Arianespace
40%
Une frontière avec l'Eure-et-Loir
40%
Fontenay-le-Vicomte
28%
Aucun quiz correspondant
Distribution des résultats
% des personnes avec chaque résultat
Percentile par nombre de réponses
Votre historique - résultats
Vous n’avez pas pris ce quiz